000 00651nam a2200181 a 4500
008 120416s1986 ||||||||||||||||| || u
020 _a0471908843
050 _aHG 1615 Cha
100 _aChannon, Derek F
245 1 0 _aCases in bank strategic management and marketing
260 _aChichester
_bJohn Wiley and Sons
_c1986
300 _axi, 406 p. : ill.
350 _a0.00
650 _aBANKING MARKETING--CASE STUDIES
650 _aBANKING
650 _aBANK MANAGEMENT--CASE STUDIES
995 _D0.00
_FCBU-MAIN LIBRARY (Kitwe)
_H1
_I29.95
_M1
_UAVAILABLE
_ZMain Library Open Access Collection
999 _c36812
_d36812